000 00758pam a2200241 a 4500
001 2015378
005 20251211130502.0
008 910731s1992 paua b 001 0 eng c
020 _a0397549164
020 _a9780397549160
050 1 0 _aRT82
_b.E45 1992
082 0 0 _a610.73
_220
100 1 _aEllis, Janice Rider.
245 1 0 _aNursing in today's world :
_bchallenges, issues, and trends /
_cJanice Rider Ellis, Celia Love Hartley ; with illustrations by Kari Berger.
250 _a4th ed.
260 _aPhiladelphia :
_bLippincott,
_cc1992.
300 _axiv, 542 p. :
_bill. ;
_c23 cm.
650 0 _aNursing.
650 0 _aNursing
_xPractice.
650 2 _aNursing
_zUnited States.
700 1 _aHartley, Celia Love.
942 _2lcc
_cBK
_e4th ed.
_n0
999 _c8551
_d8551